Depoimento especial de crianȧs e adolescentes no sistema de justiȧ

Detalles Bibliográficos
Autor principal: Cirqueira de Souza, Jadir
Formato: eBook
Lenguaje:portugués
Publicado: San Pablo: Pillares, 2018
Materias:
Acceso en línea:Acceso restringido

MARC

LEADER 00000nam a22000007a 4500
005 20181026234355.0
007 cr|||| ||||
008 181026s2018 br |||||s|||| 00||0 por d
020 |a 978-85-8183-108-4 
035 |a 22066 
040 |a vLex 
090 |c 8181  |d 8181 
100 1 |a Cirqueira de Souza, Jadir 
245 1 0 |a Depoimento especial de crianȧs e adolescentes no sistema de justiȧ  |h [Recurso electrn̤ico] /  |c Jadir Cirqueira de Souza 
256 |a Servicio en ln̕ea 
260 |a San Pablo:  |b Pillares,  |c 2018 
300 |a 1 recurso electrn̤ico 
500 |a Depoimento Especial de Crianȧs e Adolescentes no Sistema de Justiȧ ̌um livro completo, rico em conted︢o, inďito na temt̀ica que aborda, atual e extremamente t︢il, pois tem como objeto principal de anl̀ise a temt̀ica da Lei nð 13.431, de 04 de abril de 2017, que estabelece o Sistema de Garantia de Direitos da Crianȧ e do Adolescente Vt̕ima ou Testemunha de Violn̊cia e Altera a Lei nð 8.069, de 13 de julho de 1990 (Estatuto da Crianȧ e do Adolescente). Com pero̕do de vacatio legis de 01 (um) ano (art. 29), a Lei em questô tem prazo de vign̊cia previsto para o dia 05 de abril de 2018. A Primeira Parte discorre sobre os Fundamentos Jurd̕icos que justificam e amparam o Sistema de Garantia dois Direitos da Crianȧ e do Adolescente, destacando-se, nesse contexto, a doutrina da proteȯ̂ integral, a anl̀ise dos sistemas protetivos, incluindo a proteȯ̂ administrativa, o sistema de proteȯ̂ cv̕el e o sistema de proteȯ̂ criminal. A Segunda Parte do Livro versa especificamente sobre o Depoimento Especial de Crianȧs e Adolescente, onde, em riqueza de detalhes e profundo conhecimento de causa, Jadir Cirqueira de Souza escreve com maestria sobre a necessidade da integraȯ̂ sistm̊ica da temt̀ica que envolve o seu livro, analisa algumas experin̊cias internacionais, destacando-se a experin̊cia dos Estados Unidos e da Argentina. Na sequn̊cia, o autor discorre sobre a constitucionalidade da Lei nð 13.431/2017, realizando, em seguida, estudo especf̕ico sobre a referida Lei. O livro ainda aborda a competn̊cia jurisdicional, as atribuiė̳s do Ministřio Pb︢lico na temt̀ica do Depoimento Especial e enfrenta as queste̳s relativas s̉ objeė̳s da psicologia e da assistn̊cia social, discorrendo sobre a entrevista cognitiva para, ao final, apresentar a montagem e o uso prt̀ico das salas de depoimento especial nas comarcas brasileiras. Trata-se de uma obra singular, que est ̀alinhada s̉ mais importantes diretrizes do novo constitucionalismo e da supremacia na proteȯ̂ dos direitos e garantias fundamentais, constituindo-se em guia seguro para todos aqueles profissionais que queiram conhecer e aprofundar a anl̀ise do Depoimento Especial de Crianȧs e Adolescente no Sistema de Justiȧ brasileiro. 
506 1 |a Disponible solo en los productos indicados  |d vLex Global  |d vLex Global (Academic Edition, excluding Law Schools)  |d vLex Global (U.S. Academic Edition, Law Schools)  |d vLex Global (U.S. Academic Edition, excluding Law Schools)  |d vLex Global (Academic Edition, Law Schools) 
650 0 4 |a Derecho Civil  |z Brasil 
650 0 4 |a Derecho Constitucional  |z Brasil 
740 0 |a vLex Libros (Servicio en ln̕ea) 
856 4 0 |u http://vlex.com/source/depoimento-especial-de-crian-as-e-adolescentes-no-sistema-de-justi-a-22066  |z Acceso restringido 
942 |c BOOK 
999 0 |a Civil Law 
999 0 |a Constitutional Law